Některé metodické zásady a postupy při zkoumání vlivu technického pokroku na pracovní síly a zaměstnanost : SIVO 1387 /

Salvato in:
Dettagli Bibliografici
Autore principale: Marek, Zdeněk (Autore)
Natura: Libro
Lingua:ceco
Pubblicazione: Praha : UVTEI, 1975
Soggetti:
Tags: Aggiungi Tag
Nessun Tag, puoi essere il primo ad aggiungerne!!

MARC

LEADER 00000nam a22000003a 4500
001 stu38951
005 20150617225726.1
008 921202s1975----cs------------------cze-d
040 |a STU  |b slo 
041 0 |a cze 
044 |a cs 
080 |a 331.5.024.5 
100 1 |a Marek, Zdeněk  |4 aut 
245 1 |a Některé metodické zásady a postupy při zkoumání vlivu technického pokroku na pracovní síly a zaměstnanost :  |b SIVO 1387 /  |c [aut.]Zdeněk Marek 
260 |a Praha :  |b UVTEI,  |c 1975 
300 |a 91 s 
650 7 |a zamestnanosť  |2 stusub 
650 7 |a Sily pracovné  |2 stusub 
996 |b 284M003368  |c M*4373-1  |l MMKN  |s A  |a 24  |w stu38951_0001